Tekst kolędy "Do Szopy" - Statystyki

Ogólne statystyki
  • Ten quiz został rozwiązany 78 razy
  • Średni wynik to 11 z 20
Statystyki odpowiedzi
Tekst % Poprawnych
Do szopy, hej {pasterze},
99%
Syn Boży w {żłobie} leży,
97%
Do szopy, bo tam {cud}!
93%
by {zbawić} ludzki ród.
91%
nie budźcie {Go} ze snu.
90%
pasterze, {grajcie} Mu.
85%
Kłaniajcie się {Królowie},
81%
{Śpiewajcie} Aniołowie,
76%
to {Dziecię} to nasz Bóg,
70%
{Padnijmy} na kolana,
60%
pojmie {miłość} Twą?
42%
miłości złóżmy {dług}.
33%
Na sianie wśród {bydlęty},
24%
O Boże {niepojęty}, kto
24%
{Uczcijmy} niebios Pana;
19%
masz {tron} i służbę swą.
18%
A rodzi się w {ubóstwie}
16%
On Ojcu równy w {Bóstwie}
16%
{opuszcza} niebo swe
10%
i {cierpi} wszystko złe.
9%
Nie znaleziono quizów pasujących do podanych kryteriów
Rozkład punktacji
Procent ludzi z każdym wynikiem
Percentyl według liczby udzielonych odpowiedzi
Twoja historia wyników
Nie rozwiązałeś tego quizu